Théatre choisi [de Jean de Rotrou] /
Uloženo v:
| Hlavní autor: | |
|---|---|
| Médium: | Kniha |
| Jazyk: | francouzština |
| Vydání: | Nueva ed. |
| Edice: | (Collection Laplace)
(Collection des Classiques Garnier. Théatre) |
| Témata: | |
| Tagy: |
Žádné tagy, Buďte první, kdo vytvoří štítek k tomuto záznamu!
|
MARC
| LEADER | 00000nam^a2200000^a^4500 | ||
|---|---|---|---|
| 001 | 000364870 | ||
| 005 | 20250526000000.0 | ||
| 009 | 20260310115628.286 | ||
| 037 | |a Acervo ITESO - Biblioteca | ||
| 041 | |a FRA | ||
| 082 | |a 842. |b ROT | ||
| 100 | |a Rotrou, Jean de |e (autor) | ||
| 245 | 1 | 0 | |a Théatre choisi [de Jean de Rotrou] / |c J. de Rotrou ; introd. y notas de M. Félix Hémon. |
| 250 | |a Nueva ed. | ||
| 264 | |a París, Francia : |b Garnier Frères, |c fecha no identificada | ||
| 300 | |a 510 p., [4] láminas ; |c 18.5 cm. | ||
| 336 | |a texto |b txt |2 rdacontenido | ||
| 337 | |a sin mediación |b n |2 rdamedio | ||
| 338 | |a volumen |b nc |2 rdasoporte | ||
| 440 | 1 | |a (Collection Laplace) | |
| 440 | 1 | |a (Collection des Classiques Garnier. |p Théatre) | |
| 545 | 0 | |a Jean de Rotrou (1609-1650) fue un poeta y dramaturgo francés, considerado como una de las grandes figuras literarias de la Francia del siglo XVII junto con Pierre Corneille y Jean Rancine. Su estilo oscila entre la comedia y la tragedia, entre la variedad del estilo barroco y el realismo y la madurez del estilo clásico. Los personajes que aparecen en sus obras afrontan dilemas morales alrededor de los cambios violentos. Autor de 35 libretos teatrales, entre sus más aclamados se encuentran Le véritable Saint-Genest (1647), Don Bernard de Cabrère (1647), Venceslas (1648) y Cosroès (1649). | |
| 562 | |a Falta lámina: | ||
| 649 | |a XX | ||
| 650 | |a Comedia Francesa | ||
| 650 | |a Tragedia Francesa | ||
| 650 | |a Teatro Francés | ||
| 650 | |a Literatura Francesa - |y Siglo XVII | ||
| 650 | |a Literatura Neoclásica - |z Francia | ||
| 650 | |a Literatura Barroca - |z Francia | ||
| 740 | 4 | |a Les sosies : |b comédie en cinq actes / |c J. de Rotrou ; introd. y notas de M. Félix Hémon. | |
| 740 | 0 | |a Laure persécutée : |b tragi-comédie en cinq actes / |c J. de Rotrou ; introd. y notas de M. Félix Hémon. | |
| 740 | 3 | |a La soeur : |b comédie cinq actes / |c J. de Rotrou ; introd. y notas de M. Félix Hémon. | |
| 740 | 0 | |a Saint Genest : |b comédien païen représentant le martyre d'Adrien, tragédie en cinq actes / |c J. de Rotrou ; introd. y notas de M. Félix Hémon. | |
| 740 | 0 | |a Don Bernard de Cabrère : |b tragi-comédie en cinq actes / |c J. de Rotrou ; introd. y notas de M. Félix Hémon. | |
| 740 | 0 | |a Venceslas : |b tragédie en cinq actes / |c J. de Rotrou ; introd. y notas de M. Félix Hémon. | |
| 740 | 0 | |a Cosroès : |b tragédie en cinq actes / |c J. de Rotrou ; introd. y notas de M. Félix Hémon. | |
| 910 | |a Fondo General | ||
| 920 | |a Impresos - Libros | ||
| 930 | |a Libros Antiguos y Raros | ||
| 940 | |a Literatura | ||
| 905 | |a 108 | ||
| 901 | |a 0500258532 |b IT2 |c LRA |i D75310 |u 20250526 | ||
| 902 | |a https://opac.biblio.iteso.mx/vufind/Record/000364870 | ||